| 000 | 01177naa a22003017a 4500 | ||
|---|---|---|---|
| 001 | BR8001963 | ||
| 003 | BR-BrBNA | ||
| 005 | 20240918174543.0 | ||
| 007 | ta | ||
| 008 | 230509b bl.||||| |||| 00| 0 por d | ||
| 040 |
_aBR-BrBNA _bpor _cBiblioteca Nacional de Agricultura |
||
| 041 | _a(Pt) | ||
| 072 |
_aF30; F50 _b1000 _bG514 |
||
| 090 | _aF30 BR8001963 | ||
| 100 | 1 | _aFigueiredo, J.O. de | |
| 245 | 1 | _aVariedades-copa de valor comercial [Estrutura vegetal; Brasil] | |
| 246 | 1 | _a[Varieties-crown of commercial value [Plant structure; Brazil]] | |
| 246 | 1 | _a[Brazilian citriculture] | |
| 260 | 3 |
_aCampinas, SP (Brasil): _c1980. |
|
| 500 | _aRodriguez, O.; Viegas, F. (eds.) Citricultura brasileira Campinas, SP (Brasil): 1980. v. 1 p. 243-278 (BR8001963-AM)F30 | ||
| 650 | _aMelhoramento genetico vegetal | ||
| 650 | _aEstrutura vegetal | ||
| 650 | _aFruta citrica | ||
| 650 | _aVariedade | ||
| 773 | 0 |
_tCitricultura brasileira _aRodriguez, O.; Viegas, F.; Pompeu Junior, J.; Amaro, A.A. - Fundacao Cargill, Campinas, SP (Brasil) _b2. ed. _w1000 BR9207802 _gCampinas, SP (Brasil), 1991. _q2 v. |
|
| 909 |
_a202404 _bLucia _c55 _dLucia Elande |
||
| 942 |
_cAM _2AGRIS |
||
| 999 |
_c311961 _d311961 |
||